Treasure island. (Record no. 110868)
[ view plain ]
| 000 -LEADER | |
|---|---|
| fixed length control field | 00386nam a2200133 a 4500 |
| 005 - DATE AND TIME OF LATEST TRANSACTION | |
| control field | 20140414131905.0 |
| 008 - FIXED-LENGTH DATA ELEMENTS--GENERAL INFORMATION | |
| fixed length control field | 100923s19uu xx 00 eng d |
| 050 ## - LIBRARY OF CONGRESS CALL NUMBER | |
| Classification number | FIC |
| Item number | St4 2005 |
| 100 ## - MAIN ENTRY--PERSONAL NAME | |
| Personal name | Stevenson, Robert Louis, 1850-1894. |
| 245 ## - TITLE STATEMENT | |
| Title | Treasure island. |
| 260 ## - PUBLICATION, DISTRIBUTION, ETC. (IMPRINT) | |
| Place of publication, distribution, etc | Kuala Lumpur, Malaysia : |
| Name of publisher, distributor, etc | Scholar's publications, |
| Date of publication, distribution, etc | 2005. |
| 440 ## - SERIES STATEMENT/ADDED ENTRY--TITLE | |
| Title | Illustrated Classics |
| Withdrawn status | Lost status | Damaged status | Home library | Current library | Shelving location | Date acquired | Total Checkouts | Full call number | Barcode | Date last seen | Price effective from | Koha item type |
|---|---|---|---|---|---|---|---|---|---|---|---|---|
| Munich Library | Munich Library | Fiction Section | 09/23/2010 | FIC St4 2005 | M1378 | 04/14/2014 | 04/14/2014 | Books |